Home Print Resources E-Books E-Journals IIMT Lecture Series Library Membership Form Book Recommendation Form Campus Tour Take AdmissionAbout Us Contact Us

A TEXT BOOK OF FISHRY SCIENCE & INDIAN FISHERIES (Record no. 50575)

000 -LEADER
fixed length control field 00408nam a22001577a 4500
003 - CONTROL NUMBER IDENTIFIER
control field OSt
005 - DATE AND TIME OF LATEST TRANSACTION
control field 20240110112305.0
008 - FIXED-LENGTH DATA ELEMENTS--GENERAL INFORMATION
fixed length control field 210318b xxu||||| |||| 00| 0 eng d
020 ## - INTERNATIONAL STANDARD BOOK NUMBER
International Standard Book Number 9788122500295
040 ## - CATALOGING SOURCE
Transcribing agency IIMT UNIVERSITY
100 ## - MAIN ENTRY--PERSONAL NAME
Personal name SRISVASTVA,C.B.L
245 ## - TITLE STATEMENT
Title A TEXT BOOK OF FISHRY SCIENCE & INDIAN FISHERIES
260 ## - PUBLICATION, DISTRIBUTION, ETC.
Place of publication, distribution, etc. NEW DELHI
Name of publisher, distributor, etc. KITAB MAHAL
Date of publication, distribution, etc. 10/03/2021
300 ## - PHYSICAL DESCRIPTION
Extent 541
942 ## - ADDED ENTRY ELEMENTS (KOHA)
Source of classification or shelving scheme
Koha item type Book Bank
Holdings
Withdrawn status Lost status Source of classification or shelving scheme Damaged status Not for loan Home library Current library Date acquired Source of acquisition Cost, normal purchase price Inventory number Total Checkouts Barcode Date last seen Date last checked out Uniform Resource Identifier Price effective from Koha item type
          IIMT University Central Library Meerut IIMT University Central Library Meerut 03/18/2021 ARISTA 395.00 HO/IN/67 2 01-B-132295 06/30/2023 02/22/2023 zoology 03/18/2021 Book Bank
          IIMT University Central Library Meerut IIMT University Central Library Meerut 03/18/2021 ARISTA 395.00 HO/IN/67 3 01-B-132296 06/27/2025 03/10/2025 zoology 03/18/2021 Book Bank
          IIMT University Central Library Meerut IIMT University Central Library Meerut 03/18/2021 ARISTA 395.00 HO/IN/67 4 01-B-132297 06/24/2025 03/25/2025 zoology 03/18/2021 Book Bank
          IIMT University Central Library Meerut IIMT University Central Library Meerut 03/18/2021 ARISTA 395.00 HO/IN/67 4 01-B-132298 06/21/2025 03/20/2025 zoology 03/18/2021 Book Bank
          IIMT University Central Library Meerut IIMT University Central Library Meerut 03/18/2021 ARISTA 395.00 HO/IN/67 2 01-B-132299 06/21/2025 03/10/2025 zoology 03/18/2021 Book Bank
          IIMT University Central Library Meerut IIMT University Central Library Meerut 03/18/2021 ARISTA 395.00 HO/IN/67 1 01-B-132300 06/30/2023 03/13/2023 zoology 03/18/2021 Book Bank
IIMT, Central Library. All Rights Reserved IIMT,UNIVERSITY © 2023
Implemented and Customised by I CLOUDE EMS
You Are OPAC Visitor No
free web counter

Powered by Koha